000 00606nam a2200217 a 4500
008
020 _a1871047005 (pbk.)
049 _aMAIN
090 _aTK7868
100 _aLoveday, G.C.
245 _aKey techniques for circuit design /
_cG.C. Loveday.
260 _aKent :
_bBenchmark,
_c1998.
300 _aiv, 120 p. ;
_c20 cm.
440 _aThe successful design of electronic hardware.
500 _aIncludes index.
907 _a.b10111451
_b26-05-04
_c17-02-04
003
005 20230123133630.0
040 _cNUST
942 _cBOOKS
_kTK7868
999 _c151944
_d151944